| 000 | 00605nam a2200193 a 4500 | ||
|---|---|---|---|
| 001 | 000005562 | ||
| 005 | 20200929151720.0 | ||
| 008 | 090820s1997 sp a 001 0 spa d | ||
| 020 | _a8400076680 | ||
| 040 | _aDO-SdBNP | ||
| 082 |
_axxx _bR666j |
||
| 100 | 1 |
_aRobles, Cristóbal _915713 |
|
| 245 | 1 | 0 |
_aJosé María de Urquijo e Ybarra : _bopinión, religión y poder / _cCristóbal Robles. |
| 260 |
_aMadrid : _bConsejo Superior de Investigaciones Científicas, _c1997. |
||
| 300 |
_a692 p. : _bil. ; _c25 cm. |
||
| 500 | _aIncluye índice | ||
| 500 | _aIncluye notas al pie de páginas | ||
| 049 | _aBNPD | ||
| 999 |
_c5361 _d5361 |
||